Estadísticas para Los 10 Países Africanos con el IDH más Alto

Haz click aquí para tomar la prueba!

Estadísticas generales

  • Esta prueba ha sido tomada 763 veces
  • La puntuación promedio es 7 de 10

Estadísticas de respuestas

IDH Población País % Correcto
0.66655.9 MSudáfrica
96%
0.69192.7 MEgipto
95%
0.74540.4 MArgelia
87%
0.72511.3 MTúnez
82%
0.7166.39 MLibia
73%
0.78294.6 milSeychelles
73%
0.648531 milCabo Verde
66%
0.7811.26 MMauricio
63%
0.6982.23 MBotsuana
44%
0.6971.81 MGabón
38%

Distribución de puntuación

Porcentaje por número respondido

Porcentaje de gente con cada puntuación

Historial de tus puntuaciones

No has tomado esta prueba